000 00654cam a2200169 4500
001 X118648
008 020702n2002 000 0 eng u
035 _a(Sirsi) u118648
100 _aFleming, J
245 _aStriving to find a common language
260 _c2002
490 _aLaw Society's Gazette
_v99(19) 10 May 2002, 23-24(2)
520 _aExamines development of European Court of Justice, at its 50th anniversary. Explains how cases are conducted, how decisions reached and disseminated. Discusses feasibilty of system of federal community courts.
650 _aEUROPEAN COURT OF JUSTICE
690 _aDispute resolution
_96236
942 _n0
999 _c70655
_d70655